ბათუმის შოთა რუსთაველის სახელმწიფო უნივერსიტეტის ბიბლიოთეკა

ქართული ლექსიკონი რუსული თარგმანითურთ=Словарь грузинского языка с русским переводом. (ბიბ.ჩანაწერი № 44339)

000 -LEADER
fixed length control field 00992nam a2200205Ia 4500
001 - CONTROL NUMBER
control field 11100
003 - CONTROL NUMBER IDENTIFIER
control field GE_BSU
008 - FIXED-LENGTH DATA ELEMENTS--GENERAL INFORMATION
fixed length control field 181216s||||||||xx |||||||||||||| ||und||
040 ## - CATALOGING SOURCE
Transcribing agency GE_BSU
080 ## - UNIVERSAL DECIMAL CLASSIFICATION NUMBER
Universal Decimal Classification number 81'374.822=353.1=161.1
100 ## - MAIN ENTRY--PERSONAL NAME
Personal name ჩუბინაშვილი,ნიკო
245 ## - TITLE STATEMENT
Title ქართული ლექსიკონი რუსული თარგმანითურთ=Словарь грузинского языка с русским переводом.
245 ## - TITLE STATEMENT
Statement of responsibility, etc. ალ.ღლონტის რედაქციითა და გამოკვლევით.
260 ## - PUBLICATION, DISTRIBUTION, ETC.
Place of publication, distribution, etc. თბილისი.
260 ## - PUBLICATION, DISTRIBUTION, ETC.
Name of publisher, distributor, etc. საბჭოთა საქართველო.
260 ## - PUBLICATION, DISTRIBUTION, ETC.
Date of publication, distribution, etc. 1961.
300 ## - PHYSICAL DESCRIPTION
Extent 488გვ;24სმ.
653 ## - INDEX TERM--UNCONTROLLED
Uncontrolled term ქართული ლექსიკონი რუსული თარგმანითურთ=Словарь грузинского языка с русским переводом.
942 ## - ADDED ENTRY ELEMENTS (KOHA)
Koha item type წიგნი
ეგზემპლარები
Withdrawn status Lost status Damaged status Not for loan Date acquired Barcode Date last seen Price effective from Koha item type
        2018-12-17 19344 2018-12-17 2018-12-17 წიგნი
        2018-12-17 19345 2018-12-17 2018-12-17 წიგნი
        2018-12-17 19346 2018-12-17 2018-12-17 წიგნი